[Event "DVM U20w 2023"]
[Site "Magdeburg GER"]
[Date "2023.12.29"]
[Round "6"]
[White "Duchstein, Anna"]
[Black "Schmidt, Luise"]
[Result "1-0"]
[Termination "normal"]
[Board "6.2"]
[WhiteElo "1536"]
[BlackElo "1465"]
[WhiteClock "00:14:59"]
[BlackClock "00:01:20"]
[WhiteTeam "SC Porta Westfalica 1950"]
[BlackTeam "SV Königsjäger Süd-West"]
[PlyCount "67"]
[WhiteFideId "16261372"]
[BlackFideId "16294475"]
[EventCountry "GER"]
[EventRounds "7"]
[EventType "team-swiss"]
[EventDate "2023.12.26"]

1. e4 {[%clk 01:30:58]} {[%emt 00:00:02]} e5 {[%clk 01:30:55]} {[%emt
00:00:06]} 2. Nf3 {[%clk 01:31:13]} {[%emt 00:00:14]} Nc6 {[%clk 01:31:16]}
{[%emt 00:00:09]} 3. Bc4 {[%clk 01:31:34]} {[%emt 00:00:11]} Bc5 {[%clk
01:30:57]} {[%emt 00:00:47]} 4. O-O {[%clk 01:31:36]} {[%emt 00:00:29]} d6
{[%clk 01:31:03]} {[%emt 00:00:24]} 5. h3 {[%clk 01:31:40]} {[%emt 00:00:25]}
h6 {[%clk 01:31:10]} {[%emt 00:00:23]} 6. c3 {[%clk 01:30:39]} {[%emt
00:01:31]} Nf6 {[%clk 01:26:51]} {[%emt 00:04:50]} 7. d4 {[%clk 01:28:00]}
{[%emt 00:03:08]} Bb6 {[%clk 01:09:28]} {[%emt 00:17:54]} 8. dxe5 {[%clk
01:13:27]} {[%emt 00:15:03]} dxe5 {[%clk 01:04:11]} {[%emt 00:05:48]} 9. Qe2
{[%clk 00:51:11]} {[%emt 00:22:45]} Qe7 {[%clk 01:01:45]} {[%emt 00:02:55]} 10.
b3 {[%clk 00:47:51]} {[%emt 00:03:51]} Bd7 {[%clk 00:58:44]} {[%emt 00:03:32]}
11. Nbd2 {[%clk 00:45:58]} {[%emt 00:02:21]} g5 {[%clk 00:55:47]} {[%emt
00:03:27]} 12. a4 {[%clk 00:41:29]} {[%emt 00:04:59]} g4 {[%clk 00:50:45]}
{[%emt 00:05:32]} 13. Ba3 {[%clk 00:37:05]} {[%emt 00:04:53]} Bc5 {[%clk
00:40:38]} {[%emt 00:10:38]} 14. Bxc5 {[%clk 00:36:50]} {[%emt 00:00:46]} Qxc5
{[%clk 00:41:06]} {[%emt 00:00:01]} 15. Nh4 {[%clk 00:35:24]} {[%emt 00:01:55]}
gxh3 {[%clk 00:39:36]} {[%emt 00:02:01]} 16. g3 {[%emt 00:01:19]} Rg8 {[%clk
00:30:50]} {[%emt 00:09:15]} 17. b4 {[%clk 00:31:43]} {[%emt 00:03:22]} Qe7
{[%clk 00:27:52]} {[%emt 00:03:27]} 18. Nf5 {[%clk 00:28:44]} {[%emt 00:03:30]}
Bxf5 {[%clk 00:23:28]} {[%emt 00:04:54]} 19. exf5 {[%clk 00:29:07]} {[%emt
00:00:07]} Ng4 {[%clk 00:22:38]} {[%emt 00:01:20]} 20. Qf3 {[%clk 00:26:02]}
{[%emt 00:03:35]} O-O-O {[%clk 00:20:23]} {[%emt 00:02:45]} 21. Ne4 {[%clk
00:25:02]} {[%emt 00:01:30]} Rd7 {[%clk 00:15:00]} {[%emt 00:05:54]} 22. Nc5
{[%clk 00:23:09]} {[%emt 00:02:21]} Rd6 {[%clk 00:11:48]} {[%emt 00:03:42]} 23.
Rad1 {[%clk 00:21:59]} {[%emt 00:01:41]} Rg7 {[%clk 00:08:41]} {[%emt
00:03:37]} 24. Ne4 {[%clk 00:19:35]} {[%emt 00:02:54]} Rxd1 {[%clk 00:07:41]}
{[%emt 00:01:31]} 25. Rxd1 {[%clk 00:19:32]} {[%emt 00:00:32]} f6 {[%clk
00:07:05]} {[%emt 00:01:07]} 26. Nc5 {[%clk 00:18:50]} {[%emt 00:01:11]} h5
{[%clk 00:03:56]} {[%emt 00:03:38]} 27. Nxb7 {[%clk 00:15:18]} {[%emt
00:04:03]} Kxb7 {[%clk 00:03:34]} {[%emt 00:00:52]} 28. Ba6+ {[%clk 00:15:31]}
{[%emt 00:00:16]} Kb8 {[%clk 00:02:19]} {[%emt 00:01:46]} 29. Qxc6 {[%clk
00:15:49]} {[%emt 00:00:13]} h2+ {[%clk 00:02:20]} {[%emt 00:00:29]} 30. Kg2
{[%clk 00:15:33]} {[%emt 00:00:45]} h1=Q+ {[%clk 00:01:09]} {[%emt 00:01:41]}
31. Rxh1 {[%clk 00:15:53]} {[%emt 00:00:11]} Ne3+ {[%clk 00:01:22]} {[%emt
00:00:16]} 32. fxe3 {[%clk 00:14:18]} {[%emt 00:02:05]} Rxg3+ {[%clk 00:00:55]}
{[%emt 00:00:57]} 33. Kxg3 {[%clk 00:14:35]} {[%emt 00:00:13]} Qg7+ {[%clk
00:01:20]} {[%emt 00:00:05]} 34. Kf2 {[%clk 00:14:59]} {[%emt 00:00:06]} 1-0

[Event "DVM U20w 2023"]
[Site "Magdeburg GER"]
[Date "2023.12.29"]
[Round "6"]
[White "Schülke, Rosalie"]
[Black "Schmidt, Inga"]
[Result "1/2-1/2"]
[Termination "normal"]
[Board "6.3"]
[WhiteElo "1554"]
[BlackElo "1367"]
[WhiteClock "00:22:33"]
[BlackClock "00:00:47"]
[WhiteTeam "SV Königsjäger Süd-West"]
[BlackTeam "SC Porta Westfalica 1950"]
[PlyCount "79"]
[WhiteFideId "16287436"]
[BlackFideId "16284526"]
[EventCountry "GER"]
[EventRounds "7"]
[EventType "team-swiss"]
[EventDate "2023.12.26"]

1. e4 {[%clk 01:30:59]} {[%emt 00:00:01]} e5 {[%clk 01:30:51]} {[%emt
00:00:10]} 2. Nf3 {[%clk 01:31:24]} {[%emt 00:00:05]} Nc6 {[%clk 01:31:17]}
{[%emt 00:00:04]} 3. Bb5 {[%clk 01:31:44]} {[%emt 00:00:10]} a6 {[%clk
01:31:38]} {[%emt 00:00:09]} 4. Ba4 {[%clk 01:32:09]} {[%emt 00:00:05]} Nf6
{[%clk 01:31:51]} {[%emt 00:00:16]} 5. O-O {[%clk 01:32:31]} {[%emt 00:00:08]}
Nxe4 {[%clk 01:32:05]} {[%emt 00:00:16]} 6. Re1 {[%clk 01:32:41]} {[%emt
00:00:19]} Nc5 {[%clk 01:31:36]} {[%emt 00:01:01]} 7. Bxc6 {[%clk 01:33:01]}
{[%emt 00:00:10]} dxc6 {[%clk 01:16:16]} {[%emt 00:15:49]} 8. Nxe5 {[%clk
01:31:59]} {[%emt 00:01:32]} Ne6 {[%clk 01:13:14]} {[%emt 00:03:31]} 9. d3
{[%clk 01:28:18]} {[%emt 00:04:13]} Bd6 {[%clk 01:10:07]} {[%emt 00:03:37]} 10.
Bf4 {[%clk 01:25:22]} {[%emt 00:03:25]} O-O {[%clk 01:08:43]} {[%emt 00:01:55]}
11. Bg3 {[%clk 01:25:40]} {[%emt 00:00:11]} Re8 {[%clk 01:04:36]} {[%emt
00:04:38]} 12. Nc3 {[%clk 01:22:26]} {[%emt 00:03:42]} Nd4 {[%clk 01:02:42]}
{[%emt 00:02:25]} 13. Qd2 {[%clk 01:20:02]} {[%emt 00:02:53]} Bf5 {[%clk
00:57:45]} {[%emt 00:05:29]} 14. Nc4 {[%clk 01:17:27]} {[%emt 00:03:05]} Rxe1+
{[%clk 00:53:14]} {[%emt 00:05:00]} 15. Rxe1 {[%clk 01:17:50]} {[%emt
00:00:07]} Bxg3 {[%clk 00:53:02]} {[%emt 00:00:42]} 16. hxg3 {[%clk 01:17:54]}
{[%emt 00:00:26]} h6 {[%clk 00:47:37]} {[%emt 00:05:56]} 17. Ne4 {[%clk
01:15:11]} {[%emt 00:03:11]} b5 {[%clk 00:33:44]} {[%emt 00:14:23]} 18. Na5
{[%clk 01:14:34]} {[%emt 00:01:08]} Qd5 {[%clk 00:24:48]} {[%emt 00:09:25]} 19.
Nc3 {[%clk 01:11:47]} {[%emt 00:03:18]} Qd7 {[%clk 00:23:10]} {[%emt 00:02:06]}
20. Nb3 {[%clk 01:09:22]} {[%emt 00:02:57]} Ne6 {[%clk 00:20:11]} {[%emt
00:03:25]} 21. Ne4 {[%clk 01:03:55]} {[%emt 00:06:00]} Bxe4 {[%clk 00:16:57]}
{[%emt 00:03:44]} 22. Rxe4 {[%clk 01:02:52]} {[%emt 00:01:34]} a5 {[%clk
00:15:19]} {[%emt 00:02:07]} 23. Nxa5 {[%clk 00:55:47]} {[%emt 00:07:35]} Nc5
{[%clk 00:12:59]} {[%emt 00:02:48]} 24. Re1 {[%clk 00:51:52]} {[%emt 00:04:27]}
Qd6 {[%clk 00:10:22]} {[%emt 00:03:07]} 25. b4 {[%clk 00:48:09]} {[%emt
00:04:14]} Ne6 {[%clk 00:10:08]} {[%emt 00:00:45]} 26. c3 {[%clk 00:45:14]}
{[%emt 00:03:24]} c5 {[%clk 00:07:42]} {[%emt 00:02:56]} 27. Nb7 {[%clk
00:38:30]} {[%emt 00:07:14]} Qd5 {[%clk 00:06:45]} {[%emt 00:01:24]} 28. Nxc5
{[%clk 00:36:44]} {[%emt 00:02:20]} Nxc5 {[%clk 00:05:57]} {[%emt 00:01:17]}
29. bxc5 {[%clk 00:37:07]} {[%emt 00:00:06]} Rxa2 {[%clk 00:05:52]} {[%emt
00:00:35]} 30. Qe3 {[%clk 00:36:32]} {[%emt 00:01:05]} Rc2 {[%clk 00:02:48]}
{[%emt 00:03:28]} 31. d4 {[%clk 00:35:53]} {[%emt 00:01:15]} Rb2 {[%clk
00:02:01]} {[%emt 00:01:13]} 32. Qe8+ {[%clk 00:33:39]} {[%emt 00:02:48]} Kh7
{[%clk 00:02:26]} {[%emt 00:00:04]} 33. Qe4+ {[%clk 00:31:59]} {[%emt
00:02:10]} Qxe4 {[%clk 00:02:53]} {[%emt 00:00:04]} 34. Rxe4 {[%clk 00:32:24]}
{[%emt 00:00:05]} c6 {[%clk 00:01:02]} {[%emt 00:02:22]} 35. Re7 {[%clk
00:23:25]} {[%emt 00:09:27]} Rc2 {[%clk 00:00:50]} {[%emt 00:00:38]} 36. Rc7
{[%clk 00:22:58]} {[%emt 00:01:03]} Rxc3 {[%clk 00:01:05]} {[%emt 00:00:13]}
37. Rxc6 {[%clk 00:23:23]} {[%emt 00:00:06]} b4 {[%clk 00:00:37]} {[%emt
00:00:58]} 38. Rb6 {[%clk 00:23:31]} {[%emt 00:00:21]} Rc4 {[%clk 00:00:32]}
{[%emt 00:00:36]} 39. c6 {[%clk 00:22:51]} {[%emt 00:01:10]} Rxd4 {[%clk
00:00:47]} {[%emt 00:00:14]} 40. c7 {[%clk 00:22:33]} {[%emt 00:00:48]} 1/2-1/2

[Event "DVM U20w 2023"]
[Site "Magdeburg GER"]
[Date "2023.12.29"]
[Round "6"]
[White "Dieckmann, Luna"]
[Black "Richter, Anastasia"]
[Result "0-1"]
[Termination "normal"]
[Board "6.4"]
[WhiteElo "1174"]
[BlackElo "1353"]
[WhiteClock "00:07:04"]
[BlackClock "00:01:10"]
[WhiteTeam "SC Porta Westfalica 1950"]
[BlackTeam "SV Königsjäger Süd-West"]
[PlyCount "72"]
[WhiteFideId "34607455"]
[BlackFideId "34659099"]
[EventCountry "GER"]
[EventRounds "7"]
[EventType "team-swiss"]
[EventDate "2023.12.26"]

1. d4 {[%clk 01:30:55]} {[%emt 00:00:05]} d5 {[%clk 01:30:57]} {[%emt
00:00:04]} 2. Nf3 {[%clk 01:31:16]} {[%emt 00:00:09]} e6 {[%clk 01:30:35]}
{[%emt 00:00:51]} 3. e3 {[%clk 01:31:32]} {[%emt 00:00:14]} Nf6 {[%clk
01:30:26]} {[%emt 00:00:39]} 4. Bd3 {[%clk 01:31:19]} {[%emt 00:00:44]} c5
{[%clk 01:29:27]} {[%emt 00:01:28]} 5. O-O {[%clk 01:30:56]} {[%emt 00:00:55]}
Bd6 {[%clk 01:24:13]} {[%emt 00:05:44]} 6. Ne5 {[%clk 01:30:14]} {[%emt
00:01:11]} c4 {[%clk 01:22:53]} {[%emt 00:01:51]} 7. Be2 {[%clk 01:28:54]}
{[%emt 00:01:49]} Nbd7 {[%clk 01:21:44]} {[%emt 00:01:39]} 8. f4 {[%clk
01:27:38]} {[%emt 00:01:46]} O-O {[%clk 01:11:29]} {[%emt 00:10:46]} 9. b3
{[%clk 01:25:45]} {[%emt 00:02:23]} cxb3 {[%clk 00:58:38]} {[%emt 00:13:22]}
10. axb3 {[%clk 01:25:50]} {[%emt 00:00:24]} Ne4 {[%clk 00:57:55]} {[%emt
00:01:13]} 11. Nd2 {[%clk 01:23:05]} {[%emt 00:03:16]} Nc3 {[%clk 00:56:20]}
{[%emt 00:02:03]} 12. Qe1 {[%clk 01:20:36]} {[%emt 00:03:01]} f6 {[%clk
00:53:20]} {[%emt 00:03:30]} 13. Nd3 {[%clk 01:16:42]} {[%emt 00:04:23]} e5
{[%clk 00:47:39]} {[%emt 00:06:12]} 14. fxe5 {[%clk 01:10:35]} {[%emt
00:06:36]} fxe5 {[%clk 00:47:10]} {[%emt 00:00:59]} 15. dxe5 {[%clk 01:07:32]}
{[%emt 00:03:33]} Nxe5 {[%clk 00:44:45]} {[%emt 00:02:55]} 16. Bb2 {[%clk
01:05:50]} {[%emt 00:02:12]} Nxe2+ {[%clk 00:32:07]} {[%emt 00:13:09]} 17. Qxe2
{[%clk 01:05:58]} {[%emt 00:00:22]} Qe7 {[%clk 00:27:42]} {[%emt 00:04:53]} 18.
Rxf8+ {[%clk 01:05:45]} {[%emt 00:00:44]} Kxf8 {[%clk 00:28:08]} {[%emt
00:00:04]} 19. Qh5 {[%clk 01:00:45]} {[%emt 00:05:30]} Nf7 {[%clk 00:18:13]}
{[%emt 00:10:26]} 20. Qxd5 {[%clk 00:58:33]} {[%emt 00:02:41]} Qxe3+ {[%clk
00:14:56]} {[%emt 00:03:48]} 21. Kh1 {[%clk 00:52:25]} {[%emt 00:06:37]} Be6
{[%clk 00:13:39]} {[%emt 00:01:38]} 22. Qa5 {[%clk 00:42:53]} {[%emt 00:10:11]}
Rc8 {[%clk 00:09:10]} {[%emt 00:05:00]} 23. Re1 {[%clk 00:40:28]} {[%emt
00:02:54]} Qh6 {[%clk 00:08:38]} {[%emt 00:00:57]} 24. Be5 {[%clk 00:36:38]}
{[%emt 00:04:25]} Nxe5 {[%clk 00:05:26]} {[%emt 00:03:42]} 25. Nxe5 {[%clk
00:35:13]} {[%emt 00:01:56]} b6 {[%clk 00:04:44]} {[%emt 00:01:11]} 26. Rf1+
{[%clk 00:19:15]} {[%emt 00:16:27]} Kg8 {[%clk 00:05:01]} {[%emt 00:00:12]} 27.
Qb5 {[%clk 00:17:04]} {[%emt 00:02:42]} Qxd2 {[%clk 00:04:50]} {[%emt
00:00:42]} 28. Nc4 {[%clk 00:15:16]} {[%emt 00:02:17]} Qb4 {[%clk 00:01:47]}
{[%emt 00:03:28]} 29. Qa6 {[%clk 00:11:47]} {[%emt 00:04:05]} Rf8 {[%clk
00:01:29]} {[%emt 00:00:49]} 30. Rd1 {[%clk 00:09:12]} {[%emt 00:03:05]} Bxc4
{[%clk 00:01:24]} {[%emt 00:00:35]} 31. bxc4 {[%clk 00:08:50]} {[%emt
00:00:51]} Re8 {[%clk 00:01:23]} {[%emt 00:00:28]} 32. Qa1 {[%clk 00:08:16]}
{[%emt 00:01:05]} Bb8 {[%clk 00:01:15]} {[%emt 00:00:24]} 33. c3 {[%clk
00:07:58]} {[%emt 00:01:02]} Qxc4 {[%clk 00:01:26]} {[%emt 00:00:18]} 34. Rd4
{[%clk 00:07:17]} {[%emt 00:01:13]} Qc7 {[%clk 00:01:25]} {[%emt 00:00:28]} 35.
Qa2+ {[%clk 00:07:06]} {[%emt 00:00:44]} Kh8 {[%clk 00:01:29]} {[%emt
00:00:23]} 36. g3 {[%clk 00:07:04]} {[%emt 00:00:37]} Re1+ {[%clk 00:01:10]}
{[%emt 00:00:46]} 0-1

[Event "DVM U20w 2023"]
[Site "Magdeburg GER"]
[Date "2023.12.29"]
[Round "6"]
[White "Kanno, Clara Yumi"]
[Black "Fock, Amina"]
[Result "0-1"]
[Termination "normal"]
[Board "7.1"]
[WhiteElo "1440"]
[BlackElo "1865"]
[WhiteClock "00:19:54"]
[BlackClock "00:59:35"]
[WhiteTeam "SF Essen-Werden 1924/80"]
[BlackTeam "SC Kreuzberg"]
[PlyCount "110"]
[WhiteFideId "16259661"]
[BlackFideId "12981982"]
[EventCountry "GER"]
[EventRounds "7"]
[EventType "team-swiss"]
[EventDate "2023.12.26"]

1. d4 {[%clk 01:30:57]} {[%emt 00:00:01]} Nf6 {[%clk 01:30:55]} {[%emt
00:00:06]} 2. Bf4 {[%clk 01:31:19]} {[%emt 00:00:08]} d5 {[%clk 01:31:15]}
{[%emt 00:00:10]} 3. e3 {[%clk 01:31:43]} {[%emt 00:00:06]} c5 {[%clk
01:31:30]} {[%emt 00:00:15]} 4. c3 {[%clk 01:31:57]} {[%emt 00:00:16]} Nc6
{[%clk 01:31:52]} {[%emt 00:00:08]} 5. Bd3 {[%clk 01:31:18]} {[%emt 00:01:09]}
Qb6 {[%clk 01:31:56]} {[%emt 00:00:26]} 6. Qc1 {[%clk 01:28:11]} {[%emt
00:03:36]} Nh5 {[%clk 01:28:59]} {[%emt 00:03:27]} 7. Bg5 {[%clk 01:26:36]}
{[%emt 00:02:04]} h6 {[%clk 01:22:55]} {[%emt 00:06:36]} 8. Bh4 {[%clk
01:26:47]} {[%emt 00:00:18]} g5 {[%clk 01:23:13]} {[%emt 00:00:13]} 9. Bg3
{[%clk 01:26:59]} {[%emt 00:00:19]} Nxg3 {[%clk 01:22:37]} {[%emt 00:01:06]}
10. hxg3 {[%clk 01:27:06]} {[%emt 00:00:23]} Bg7 {[%clk 01:20:22]} {[%emt
00:02:45]} 11. Nd2 {[%clk 01:26:23]} {[%emt 00:01:12]} cxd4 {[%clk 01:16:22]}
{[%emt 00:04:30]} 12. exd4 {[%clk 01:25:09]} {[%emt 00:01:44]} Nxd4 {[%clk
01:16:20]} {[%emt 00:00:32]} 13. Ne2 {[%clk 01:20:34]} {[%emt 00:05:05]} Nxe2
{[%clk 01:16:07]} {[%emt 00:00:43]} 14. Bxe2 {[%clk 01:20:37]} {[%emt
00:00:27]} Bf5 {[%clk 01:16:06]} {[%emt 00:00:31]} 15. Nf3 {[%clk 01:16:47]}
{[%emt 00:04:20]} Rc8 {[%clk 01:15:42]} {[%emt 00:00:54]} 16. Qd2 {[%clk
01:14:18]} {[%emt 00:03:00]} O-O {[%clk 01:13:45]} {[%emt 00:02:26]} 17. O-O
{[%clk 01:10:45]} {[%emt 00:04:03]} Bg6 {[%clk 01:12:15]} {[%emt 00:02:00]} 18.
Rac1 {[%clk 01:02:17]} {[%emt 00:08:57]} Rfd8 {[%clk 01:10:10]} {[%emt
00:02:36]} 19. b3 {[%clk 00:59:31]} {[%emt 00:03:16]} e5 {[%clk 01:04:43]}
{[%emt 00:05:57]} 20. Rfd1 {[%clk 00:56:27]} {[%emt 00:03:33]} Qe6 {[%clk
01:03:15]} {[%emt 00:01:59]} 21. Qb2 {[%clk 00:42:47]} {[%emt 00:14:11]} g4
{[%clk 01:01:58]} {[%emt 00:01:46]} 22. Nh4 {[%clk 00:40:48]} {[%emt 00:02:28]}
Bh7 {[%clk 01:02:02]} {[%emt 00:00:27]} 23. Qa3 {[%clk 00:38:30]} {[%emt
00:02:47]} e4 {[%clk 00:55:22]} {[%emt 00:07:10]} 24. Qxa7 {[%clk 00:35:34]}
{[%emt 00:03:28]} Bxc3 {[%clk 00:54:14]} {[%emt 00:01:38]} 25. Qe3 {[%clk
00:32:18]} {[%emt 00:03:41]} Be5 {[%clk 00:53:39]} {[%emt 00:01:08]} 26. Qd2
{[%clk 00:27:41]} {[%emt 00:05:06]} d4 {[%clk 00:51:05]} {[%emt 00:03:06]} 27.
Bc4 {[%clk 00:26:48]} {[%emt 00:01:24]} Qf6 {[%clk 00:51:10]} {[%emt 00:00:24]}
28. a4 {[%clk 00:18:17]} {[%emt 00:09:01]} b6 {[%clk 00:40:56]} {[%emt
00:10:45]} 29. Qe2 {[%clk 00:16:44]} {[%emt 00:02:02]} h5 {[%clk 00:40:47]}
{[%emt 00:00:40]} 30. Ba6 {[%clk 00:12:46]} {[%emt 00:04:28]} Rc3 {[%clk
00:37:56]} {[%emt 00:03:22]} 31. Bb7 {[%clk 00:11:21]} {[%emt 00:01:54]} e3
{[%clk 00:37:20]} {[%emt 00:01:06]} 32. Rxc3 {[%clk 00:07:28]} {[%emt
00:04:23]} exf2+ {[%clk 00:37:22]} {[%emt 00:00:28]} 33. Qxf2 {[%clk 00:06:54]}
{[%emt 00:01:03]} dxc3 {[%clk 00:37:40]} {[%emt 00:00:12]} 34. Rxd8+ {[%clk
00:05:48]} {[%emt 00:01:37]} Qxd8 {[%clk 00:38:04]} {[%emt 00:00:05]} 35. Nf5
{[%clk 00:05:30]} {[%emt 00:00:49]} Bg6 {[%clk 00:29:50]} {[%emt 00:08:44]} 36.
Be4 {[%emt 00:02:15]} Bd4 {[%clk 00:28:29]} {[%emt 00:01:49]} 37. Nxd4 {[%clk
00:03:31]} {[%emt 00:00:45]} Bxe4 {[%clk 00:28:54]} {[%emt 00:00:05]} 38. Kh2
{[%clk 00:03:23]} {[%emt 00:00:38]} Bg6 {[%clk 00:28:40]} {[%emt 00:00:43]} 39.
Kg1 {[%clk 00:02:30]} {[%emt 00:01:24]} Qg5 {[%clk 00:27:57]} {[%emt 00:01:13]}
40. Kh2 {[%clk 00:01:01]} {[%emt 00:01:59]} Qd2 {[%clk 00:27:28]} {[%emt
00:00:59]} 41. Qf4 {[%clk 00:00:31]} {[%emt 00:01:00]} Qxf4 {[%clk 00:27:15]}
{[%emt 00:00:43]} 42. gxf4 {[%clk 00:00:58]} {[%emt 00:00:03]} c2 {[%clk
00:27:38]} {[%emt 00:00:07]} 43. Ne2 {[%clk 00:01:17]} {[%emt 00:00:12]} h4
{[%clk 00:27:29]} {[%emt 00:00:38]} 44. Kg1 {[%clk 00:00:50]} {[%emt 00:00:57]}
Kf8 {[%clk 00:27:26]} {[%emt 00:00:33]} 45. Kf2 {[%clk 00:00:53]} {[%emt
00:00:26]} Be4 {[%clk 00:27:18]} {[%emt 00:00:39]} 46. b4 {[%clk 00:27:25]}
{[%emt 00:03:59]} Ke7 {[%clk 00:57:21]} {[%emt 00:00:25]} 47. a5 {[%clk
00:21:52]} {[%emt 00:06:04]} bxa5 {[%clk 00:57:33]} {[%emt 00:00:19]} 48. bxa5
{[%clk 00:22:16]} {[%emt 00:00:05]} Kd7 {[%clk 00:57:55]} {[%emt 00:00:07]} 49.
a6 {[%clk 00:20:37]} {[%emt 00:02:10]} Kc7 {[%clk 00:58:19]} {[%emt 00:00:06]}
50. f5 {[%clk 00:20:11]} {[%emt 00:00:56]} Kb6 {[%clk 00:58:26]} {[%emt
00:00:23]} 51. Ke3 {[%clk 00:19:38]} {[%emt 00:01:04]} Bxg2 {[%clk 00:58:44]}
{[%emt 00:00:11]} 52. Kd2 {[%clk 00:19:55]} {[%emt 00:00:13]} Be4 {[%clk
00:58:46]} {[%emt 00:00:28]} 53. Kc1 {[%clk 00:19:42]} {[%emt 00:00:43]} g3
{[%clk 00:58:53]} {[%emt 00:00:24]} 54. Ng1 {[%clk 00:19:41]} {[%emt 00:00:31]}
Bxf5 {[%clk 00:59:16]} {[%emt 00:00:07]} 55. Nf3 {[%clk 00:19:54]} {[%emt
00:00:16]} g2 {[%clk 00:59:35]} {[%emt 00:00:11]} 0-1

[Event "DVM U20w 2023"]
[Site "Magdeburg GER"]
[Date "2023.12.29"]
[Round "6"]
[White "Mazurtsova, Margarita"]
[Black "Walter, Kiara Laurien"]
[Result "0-1"]
[Termination "normal"]
[Board "7.2"]
[WhiteElo "1682"]
[BlackElo "1450"]
[WhiteClock "01:04:12"]
[BlackClock "00:29:58"]
[WhiteTeam "SC Kreuzberg"]
[BlackTeam "SF Essen-Werden 1924/80"]
[PlyCount "66"]
[WhiteFideId "14188961"]
[BlackFideId "16284542"]
[EventCountry "GER"]
[EventRounds "7"]
[EventType "team-swiss"]
[EventDate "2023.12.26"]

1. c4 {[%clk 01:30:52]} {[%emt 00:00:06]} c5 {[%clk 01:30:54]} {[%emt
00:00:06]} 2. g3 {[%clk 01:31:18]} {[%emt 00:00:04]} Nf6 {[%clk 01:31:16]}
{[%emt 00:00:08]} 3. Bg2 {[%clk 01:31:42]} {[%emt 00:00:07]} e6 {[%clk
01:31:39]} {[%emt 00:00:06]} 4. Nf3 {[%clk 01:32:00]} {[%emt 00:00:11]} g6
{[%clk 01:29:59]} {[%emt 00:02:12]} 5. b3 {[%clk 01:32:10]} {[%emt 00:00:19]}
Bg7 {[%clk 01:30:19]} {[%emt 00:00:10]} 6. Bb2 {[%clk 01:32:30]} {[%emt
00:00:09]} O-O {[%clk 01:30:37]} {[%emt 00:00:14]} 7. O-O {[%clk 01:32:47]}
{[%emt 00:00:11]} d5 {[%clk 01:30:49]} {[%emt 00:00:19]} 8. d3 {[%clk
01:32:19]} {[%emt 00:00:57]} Nc6 {[%clk 01:29:18]} {[%emt 00:02:01]} 9. Nc3
{[%clk 01:31:57]} {[%emt 00:00:52]} d4 {[%clk 01:28:00]} {[%emt 00:01:50]} 10.
Nb5 {[%clk 01:31:57]} {[%emt 00:00:29]} a6 {[%clk 01:27:11]} {[%emt 00:01:19]}
11. Na3 {[%clk 01:32:21]} {[%emt 00:00:05]} e5 {[%clk 01:26:51]} {[%emt
00:00:51]} 12. Nc2 {[%clk 01:30:59]} {[%emt 00:01:52]} Bg4 {[%clk 01:25:43]}
{[%emt 00:01:39]} 13. h3 {[%clk 01:30:45]} {[%emt 00:00:43]} Bd7 {[%clk
01:24:47]} {[%emt 00:01:26]} 14. Ng5 {[%clk 01:30:55]} {[%emt 00:00:19]} Qc8
{[%clk 01:21:03]} {[%emt 00:04:15]} 15. Kh2 {[%clk 01:29:21]} {[%emt 00:02:04]}
h6 {[%clk 01:19:45]} {[%emt 00:01:50]} 16. Nf3 {[%clk 01:29:24]} {[%emt
00:00:25]} Nh5 {[%clk 01:16:11]} {[%emt 00:04:05]} 17. Nd2 {[%clk 01:24:45]}
{[%emt 00:05:07]} f5 {[%clk 01:06:48]} {[%emt 00:09:54]} 18. a3 {[%clk
01:23:49]} {[%emt 00:01:26]} a5 {[%clk 01:04:49]} {[%emt 00:02:29]} 19. Rb1
{[%clk 01:21:26]} {[%emt 00:02:51]} Rb8 {[%clk 00:55:08]} {[%emt 00:10:13]} 20.
Ba1 {[%clk 01:19:39]} {[%emt 00:02:16]} Qc7 {[%clk 00:50:55]} {[%emt 00:04:44]}
21. Bd5+ {[%clk 01:14:22]} {[%emt 00:05:46]} Kh8 {[%clk 00:47:14]} {[%emt
00:04:12]} 22. Rg1 {[%clk 01:13:11]} {[%emt 00:01:40]} f4 {[%clk 00:44:30]}
{[%emt 00:03:15]} 23. Ne4 {[%clk 01:10:39]} {[%emt 00:03:01]} fxg3+ {[%clk
00:43:14]} {[%emt 00:01:47]} 24. fxg3 {[%clk 01:09:51]} {[%emt 00:01:18]} Ne7
{[%clk 00:40:58]} {[%emt 00:02:46]} 25. e3 {[%clk 01:09:56]} {[%emt 00:00:24]}
Bf5 {[%clk 00:38:34]} {[%emt 00:02:56]} 26. g4 {[%clk 01:09:51]} {[%emt
00:00:34]} Bxe4 {[%clk 00:34:24]} {[%emt 00:04:41]} 27. dxe4 {[%clk 01:09:33]}
{[%emt 00:00:47]} Nxd5 {[%clk 00:33:52]} {[%emt 00:01:01]} 28. exd5 {[%clk
01:08:43]} {[%emt 00:01:20]} Rf2+ {[%clk 00:33:42]} {[%emt 00:00:41]} 29. Kh1
{[%clk 01:03:12]} {[%emt 00:06:01]} e4 {[%clk 00:33:35]} {[%emt 00:00:38]} 30.
Rg2 {[%clk 01:03:19]} {[%emt 00:00:21]} Rxg2 {[%clk 00:33:22]} {[%emt
00:00:44]} 31. Kxg2 {[%clk 01:03:37]} {[%emt 00:00:12]} Qg3+ {[%clk 00:33:47]}
{[%emt 00:00:05]} 32. Kh1 {[%clk 01:03:48]} {[%emt 00:00:17]} Qxh3+ {[%clk
00:34:08]} {[%emt 00:00:11]} 33. Kg1 {[%clk 01:04:12]} {[%emt 00:00:05]} Ng3
{[%clk 00:29:58]} {[%emt 00:04:41]} 0-1